Tratado de fisiología médica (Registro nro. 6884)
[ vista simple ]
| 000 -CABECERA | |
|---|---|
| Longitud fija campo de control | 00938cam a2200265 c 4500 |
| 001 - NÚMERO DE CONTROL | |
| Número de control | a5071588 |
| 003 - IDENTIFICADOR DELl NÚMERO DE CONTROL | |
| Identificador del número de control | OSt |
| 005 - FECHA Y HORA DE LA ÚLTIMA TRANSACCIÓN | |
| Fecha y hora de la última transacción | 20140829213002.0 |
| 008 - CÓDIGOS DE INFORMACIÓN DE LONGITUD FIJA | |
| Códigos de información de longitud fija | 110620s2002 esp spa |
| 020 ## - NÚMERO INTERNACIONAL NORMALIZADO PARA LIBROS | |
| Número Internacional Normalizado para Libros (ISBN) | 970-10-3599-2 |
| 040 ## - FUENTE DE LA CATALOGACIÓN | |
| Centro catalogador de origen | SpMaBN |
| Centro transcriptor | BMC |
| 082 ## - NÚMERO DE LA CLASIFICACIÓN DECIMAL DEWEY | |
| Númeroo de clasificación | 612 |
| 100 1# - PUNTO DE ACCESO PRINCIPAL-NOMBRE DE PERSONA | |
| Nombre de persona | Guyton, Arthur C. |
| 9 (RLIN) | 578 |
| 245 10 - MENCIÓN DE TÍTULO | |
| Título | Tratado de fisiología médica |
| Mención de responsabilidad, etc. | Arthur C. Guyton, John E. Hall ; traducción, José Luis Agud Aparicio ... [et al.] ; revisión, José Manuel González de Buitrago, Ma. Jesús del Sol Jaquotot |
| 250 ## - MENCIÓN DE EDICIÓN | |
| Mención de edición | 10ª ed |
| 260 ## - PUBLICACIÓN, DISTRIBUCIÓN, ETC. (PIE DE IMPRENTA) | |
| Lugar de publicación, distribución, etc. | México, D.F. [etc] |
| Nombre del editor, distribuidor, etc. | McGraw-Hill Interamericana |
| Fecha de publicación, distribución, etc. | 2002 |
| 300 ## - DESCRIPCIÓN FÍSICA | |
| Extensión | XXXI, 1280 p. |
| Otras características físicas | il. col., gráf. |
| Dimensiones | 28 cm |
| 500 ## - NOTA GENERAL | |
| Nota general | Índice p. 1181-1280 |
| 650 24 - PUNTO DE ACCESO ADICIONAL DE MATERIA - TÉRMINO DE MATERIA | |
| 9 (RLIN) | 580 |
| Término de materia o nombre geográfico como elemento inicial | Fisiología humana |
| 700 1# - PUNTO DE ACCESO ADICIONAL - NOMBRE DE PERSONA | |
| Nombre de persona | Hall, John E. |
| 9 (RLIN) | 579 |
| 700 1# - PUNTO DE ACCESO ADICIONAL - NOMBRE DE PERSONA | |
| 9 (RLIN) | 13374 |
| Nombre de persona | González de Buitrago, J. M. |
| 700 1# - PUNTO DE ACCESO ADICIONAL - NOMBRE DE PERSONA | |
| 9 (RLIN) | 8075 |
| Nombre de persona | Agud Aparicio, José Luis |
| 700 1# - PUNTO DE ACCESO ADICIONAL - NOMBRE DE PERSONA | |
| 9 (RLIN) | 8087 |
| Nombre de persona | Sol Jaquotot, María Jesús del |
| 942 ## - ENTRADA DE ELEMENTOS AGREGADOS (KOHA) | |
| Fuente de clasificaión o esquema | Dewey Decimal Classification |
| Koha [por defecto] tipo de item | 1- Monografias |
| Suprimido | Perdido | Fuente de clasificación o esquema | Estropeado | Restricciones de uso | No para préstamo | Código de colección | Localización permanente | Localización actual | Localización en estanter&íacute;as | Fecha adquisición | Fuente de adquisición | Número de inventario | Préstamos totales | Signatura completa | Código de barras | Fecha última consulta | Fecha último préstamo | Coste, precio reemplazado | Fecha del precio de reemplazo | Tipo de item de Koha |
|---|---|---|---|---|---|---|---|---|---|---|---|---|---|---|---|---|---|---|---|---|
| NULL | NULL | Dewey Decimal Classification | NULL | Prestable | NULL | NULL | Biblioteca Miguel de Cervantes - UNICAES | Biblioteca Miguel de Cervantes - UNICAES | Sala Principal | 11/02/2014 | Donación - Facultad de Ciencias y Humanidades | 011035 | 2 | 612 GUY tra | 1011035 | 08/07/2016 | 07/07/2016 | 55.00 | 11/02/2014 | 1- Monografias |
| NULL | NULL | Dewey Decimal Classification | NULL | Prestable | NULL | NULL | Biblioteca Miguel de Cervantes - UNICAES | Biblioteca Miguel de Cervantes - UNICAES | Sala Principal | 11/02/2014 | Donación - Facultad de Ciencias y Humanidades | 011036 | 7 | 612 GUY tra | 1011036 | 27/07/2018 | 27/07/2018 | 55.00 | 11/02/2014 | 1- Monografias |